Hạt giống tâm hồn :Tập 2, Cho lòng dũng cảm và tình yêu cuộc sống

Gorde:
Xehetasun bibliografikoak
Formatua: Liburua
Hizkuntza:Vietnamese
Argitaratua: TP Hồ chí Minh 2004
Gaiak:
Etiketak: Etiketa erantsi
Etiketarik gabe, Izan zaitez lehena erregistro honi etiketa jartzen!
Thư viện lưu trữ: Mạng thư viện Đại học Đà Nẵng
LEADER 01061nam a2200313 a 4500
001 000002300
003 04177
005 20171229145311.0
008 171229s2004 vie
040 |a LSK 
041 0 |a VIE 
082 0 |a 170  |b Ha-G 
245 0 0 |a Hạt giống tâm hồn :Tập 2, Cho lòng dũng cảm và tình yêu cuộc sống  |c Nhiều tác giả; First New tổng hợp và thực hiện 
260 |b TP Hồ chí Minh  |c 2004 
300 |a 167 pages  |c 20,5 cm. 
653 |a Đạo đức 
653 |a Tâm lý - Thiếu niên 
852 |a Phòng Đọc 
901 |a 2 
927 |a Sách tham khảo 
OWN |a LSK 
AVA |a UDN50  |b LSK  |d 170 Ha-G  |e available  |t Error 5001 Not defined in file expand_doc_bib_avail.  |f 2  |g 0  |h N  |i 0  |k 1 
999 |a From the UDN01 
AVA |a UDN50  |b LSK  |d 170 Ha-G  |e available  |t Error 5001 Not defined in file expand_doc_bib_avail.  |f 2  |g 0  |h N  |i 0  |k 1 
TYP |a Monograph 
TYP |a Printed language 
980 |a Mạng thư viện Đại học Đà Nẵng